000 00669nam a22002057a 4500
999 _c8351
_d8351
003 AR-CdUCM
008 190325b ||||| |||| 00| 0 spa d
040 _aMUNICIPALIDAD PROVINCIAL DEL CUSCO
_cBIBLIOTECA MUNICIPAL DEL CUSCO
082 _a869.56 /
_bP19
100 _aPalma, Clemente
_923449
245 _aCrónicas del Halley /
260 _aLima :
_bIndustrialgráfica,
_c1989.
300 _a90 páginas ;
_c20.5 cm.
505 _aContenido:El día trágico -- El testamento de Chantecler -- Una visita al paraiso.
650 _aCuentos peruanos
_97
650 _aSiglo XX
_98
700 _aTellería Solari, María
_93884
942 _2ddc
_cLIBROS
945 _aafb